000 00240nam a2200097Ia 4500
001 642372
005 20250826153525.0
008 250824s9999 xx 000 0 und d
245 0 _aFadiş Gökkuş Diz
_cGülten Dayıoğlu
260 _bALTIN
999 _c642372
_d642372